000 00799nam a2200241Ia 4500
001 766
003 GE_BSU
008 181216s||||||||xx |||||||||||||| ||und||
010 _a9789941405006
040 _cGE_BSU
080 _a338.22(076.5)+005.511
245 _aბიზნეს–მენეჯმენტი
245 _bდამხმარე პრაქტიკული სახ–ლო ეკონომიკური სპეციალ.სტუდ–ს.
245 _cრედ. გ.ჭკადუა
260 _aთბილისი
260 _bთობალისი
260 _c2008
300 _a164გვ.
541 _h7ლ.
653 _aბიზნეს–მენეჯმენტი
653 _aეკონიმიკა
942 _cBK
999 _c34938
_d34938